| 000 | 01490aam a2200373 i 4500 | ||
|---|---|---|---|
| 001 | 017586210 | ||
| 003 | EG-ScBUE | ||
| 005 | 20241111092812.0 | ||
| 008 | 151006t2016 enka f b 001 0 eng d | ||
| 020 | _a9781292095936 | ||
| 020 | _a1292095938 | ||
| 040 |
_aUK-WkNB _beng _erda _cUK-WkNB _dStEdNL _dUk _dEG-SCBUE |
||
| 082 | 0 | 4 |
_a519.5 _222 _bLEV |
| 100 | 1 |
_aLevine, David M., _d1946- _eauthor. |
|
| 245 | 1 | 0 |
_aBusiness statistics : _ba first course / _cDavid M. Levine, Department of Statistics and Computer Information Systems, Zicklin School of Busuness, Baruch College, City University of New York, Kathryn A. Szabat, Department of Business Systems and Analytics, School of Business, La Salle University, David F. Stephan, two bridges instructional technology. |
| 250 | _aSeventh edition. | ||
| 250 | _aGlobal edition. | ||
| 264 | 1 |
_aHarlow : _bPearson Education Limited, _c[2016] |
|
| 264 | 4 | _cc2016 | |
| 300 |
_a596 pages : _billustrations ; _c28 cm. |
||
| 336 |
_2rdacontent _atext _btxt |
||
| 337 |
_aunmediated _2rdamedia _bn |
||
| 338 |
_avolume _bnc _2rdacarrier |
||
| 490 | 0 | _aAlwayes learning | |
| 504 | _aIncludes bibliographical references and index. | ||
| 650 | 7 |
_aCommercial statistics. _2BUEsh _9802 |
|
| 650 | 7 |
_aIndustrial management _xStatistical methods. _2BUEsh _931995 |
|
| 651 | _2BUEsh | ||
| 653 |
_bBUSADM _cNovember2016 |
||
| 655 | _vReading book | ||
| 700 | 1 |
_aSzabat, Kathryn A., _eauthor. |
|
| 700 | 1 |
_aStephan, David, _eauthor. |
|
| 942 |
_2ddc _cBB |
||
| 999 |
_c23090 _d23062 |
||